ロード中...
Third world Quo vadis? /
| 第一著者: | |
|---|---|
| その他の著者: | |
| 言語: | Undetermined |
| 出版事項: |
Bombay :
Jaico Pubs House ,
1979.
|
| LEADER | 00471nam a2200145Ia 4500 | ||
|---|---|---|---|
| 001 | 102860 | ||
| 008 | 170722s9999 xx 000 0 und d | ||
| 100 | |a Masani, Minoo | ||
| 245 | |a Third world |b Quo vadis? / | ||
| 260 | |a Bombay : |b Jaico Pubs House , |c 1979. | ||
| 300 | |a 190 p. |c 22cms | ||
| 700 | |a Wuest , Gottfried | ||
| 942 | |c GEN | ||
| 999 | |c 96341 |d 96341 | ||
| 952 | |0 0 |1 0 |4 0 |6 X__1V47_N7_L9 |7 0 |8 LC1 |9 135094 |a LIB |b LIB |d 2017-08-12 |h LC1 |o X.1(V:47).N7 L9 |p 178184 |r 2017-08-12 |w 2017-08-12 |y GEN | ||